00614nam a22001577a 4500003000500000005001700005008004100022010000900063011000900072035000900081040000900090100001800099245005700117500021500174650006700389CHAP20220329133309.0971013s r 00010 d a4512 a5484 a4698 cCHAP00aIslam, Nurul. aLinkages between agriculture and the overall economy aSobretiro de: Javier, Emil, ed. the Changing dynamics of global agriculture : Proceedings/ed. by Javier Emil and ulf Renborg [The Hague] : International Service for National Agricultural Research, 1989 pp.67-8814aAgriculturaxAspectos económicosxPaíses subdesarrollados.